| 000 | 00610nam a2200205Ii 4500 | ||
|---|---|---|---|
| 003 | JO-AjNU | ||
| 008 | 230606s9999||||xx |||||||||||||| ||und|| | ||
| 020 | _a978-0-19-510843-9 | ||
| 040 |
_aJO-AjNU _beng _erda _cJO-AjNU |
||
| 041 | _aeng | ||
| 050 | 1 | 4 | _aQA76.73.C153.R69.1997 |
| 100 | 3 |
_aBerman,Michael, _eauthor _9985 |
|
| 245 | 0 | 0 | _aData Structures via c++:Objects by Evolution |
| 264 | 3 | 1 | _aOXFORD UNIVERSITY PRESS:1997 |
| 300 | _a470p | ||
| 336 |
_atext _btxt _2rdacontent |
||
| 337 |
_aunmediated _bn _2rdamedia |
||
| 338 |
_avolume _bnc _2rdacarrier |
||
| 650 | 4 |
_aObject-Orinted /COMPUTER SCIENCE _9986 |
|
| 999 |
_aE518 _c518 _d518 |
||